000
00295nam a22001337a 4500
008
181029b xxu||||| |||| 00| 0 eng d
020
_a
9780312533007
041
_a
eng
080
_2
3 ED
_a
370
100
_a
48
101
_a
EDU
245
_a
The Bedford Ressearch
_c
Mike.P
942
_2
udc
_c
BK
999
_c
50990
_d
50990